[Event "Reunion op 17th"]
[Site "St Denis"]
[Date "2015.10.10"]
[Round "2"]
[White "Calmels, Nicolas"]
[Black "Vitry, Patrick"]
[Result "0-1"]
[WhiteElo "1945"]
[BlackElo "1712"]
[PlyCount "77"]
[EventDate "2015.10.10"]
[EventType "swiss"]
[EventRounds "9"]
[EventCountry "RUF"]
[SourceTitle "CBM 168 Extra"]
[Source "ChessBase"]
[SourceDate "2015.10.29"]
[SourceVersion "1"]
[SourceVersionDate "2015.10.29"]
[SourceQuality "1"]

1. d4 Nf6 2. c4 g6 3. Nc3 d5 4. Nf3 Bg7 5. cxd5 Nxd5 6. e4 Nxc3 7. bxc3 c5 8. Bb5+ Bd7 9. Qb3 cxd4 10. cxd4 Qa5+ 11. Bd2 Qxb5 12. Qc2 0-0 13. h4 Re8 14. Qd1 Qd3 15. Rb1 Qxe4+ 16. Kf1 Ba4 17. Qxa4 Qxb1+ 18. Be1 Qd3+ 19. Kg1 Qe4 20. Qa3 Nc6 21. h5 Qe6 22. hxg6 Qxg6 23. Rh3 Kf8 24. Bc3 Red8 25. Rg3 Qb1+ 26. Kh2 Nxd4 27. Rxg7 Kxg7 28. Nxd4 Kf8 29. Qc5 Qb6 30. Qf5 Qh6+ 31. Kg1 Rac8 32. Bb2 Qg6 33. Qe5 Ke8 34. Qb5+ Rd7 35. Nf5 Rc6 36. Qe5 Rd1+ 37. Kh2 Qh5+ 38. Kg3 Rg6+ 39. Kf4 0-1

[Event "Reunion op 17th"]
[Site "St Denis"]
[Date "2015.10.10"]
[Round "6"]
[White "Dace, Jean Emeric"]
[Black "Vitry, Patrick"]
[Result "0-1"]
[WhiteElo "1399"]
[BlackElo "1712"]
[PlyCount "104"]
[EventDate "2015.10.10"]
[EventType "swiss"]
[EventRounds "9"]
[EventCountry "RUF"]
[SourceTitle "CBM 168 Extra"]
[Source "ChessBase"]
[SourceDate "2015.10.29"]
[SourceVersion "1"]
[SourceVersionDate "2015.10.29"]
[SourceQuality "1"]

1. g3 d6 2. Bg2 e5 3. c4 f5 4. Qb3 c6 5. d3 Nf6 6. Nf3 Be7 7. 0-0 Nbd7 8. a4 Nc5 9. Qa2 a5 10. Nc3 0-0 11. d4 e4 12. Ng5 Ne6 13. c5 d5 14. Nh3 Nxd4 15. e3 Ne6 16. b3 Nxc5 17. Qc2 Nd3 18. Kh1 Nxc1 19. Raxc1 Qe8 20. Ne2 h6 21. Nd4 g5 22. Ng1 Ng4 23. h3 Qh5 24. Qd2 Bd6 25. Nge2 Rf7 26. f3 exf3 27. Rxf3 Ne5 28. Rf2 Bd7 29. Kg1 Qg6 30. Kf1 Raf8 31. Ra1 Bb4 32. Qd1 h5 33. Nc2 Bd6 34. Qd2 Bc7 35. b4 axb4 36. a5 Nc4 37. Qxb4 Bxg3 38. Nxg3 f4 39. exf4 Qd3+ 40. Kg1 Qxg3 41. Rf3 Qh4 42. Raf1 g4 43. hxg4 hxg4 44. Qc3 gxf3 45. Rxf3 Rxf4 46. Rg3+ Rg4 47. Rxg4+ Qxg4 48. Ne1 Bf5 49. Qb4 Be4 50. Qc3 Rf7 51. Qd4 Rg7 52. Qf2 Bxg2 0-1

[Event "Reunion op 17th"]
[Site "St Denis"]
[Date "2015.10.10"]
[Round "8"]
[White "Triton, Maxime"]
[Black "Vitry, Patrick"]
[Result "0-1"]
[WhiteElo "1605"]
[BlackElo "1712"]
[PlyCount "76"]
[EventDate "2015.10.10"]
[EventType "swiss"]
[EventRounds "9"]
[EventCountry "RUF"]
[SourceTitle "CBM 168 Extra"]
[Source "ChessBase"]
[SourceDate "2015.10.29"]
[SourceVersion "1"]
[SourceVersionDate "2015.10.29"]
[SourceQuality "1"]

1. e4 d6 2. d4 Nf6 3. Nc3 g6 4. Be3 Bg7 5. Nge2 c6 6. f3 Nbd7 7. Qd2 h6 8. Nf4 b5 9. Nd3 a5 10. a3 Nb6 11. Nf2 Qc7 12. Be2 Nc4 13. Bxc4 bxc4 14. 0-0 Rb8 15. Rab1 h5 16. e5 Nd5 17. Nxd5 cxd5 18. exd6 exd6 19. Rfe1 0-0 20. Bg5 Be6 21. Nh1 Qa7 22. Red1 Rb7 23. Ng3 Rfb8 24. c3 Rb3 25. Qf4 Be5 26. Qe3 Bg7 27. Qf4 Qd7 28. Qc1 f6 29. Bh6 h4 30. Bxg7 Kxg7 31. Nf1 Bf5 32. Nd2 R3b7 33. Ra1 Rxb2 34. Nf1 Rc2 35. Qf4 Rxc3 36. Qxh4 a4 37. Re1 Rbb3 38. Ng3 Bd3 0-1

[Event "Reunion op 16th"]
[Site "St Denis"]
[Date "2014.10.25"]
[Round "9"]
[White "Fontaine, Willy"]
[Black "Vitry, Patrick"]
[Result "0-1"]
[WhiteElo "1456"]
[BlackElo "1733"]
[PlyCount "94"]
[EventDate "2014.10.18"]
[EventType "swiss"]
[EventRounds "9"]
[EventCountry "RUF"]
[SourceTitle "EXT 2015"]
[Source "ChessBase"]
[SourceDate "2014.11.20"]
[SourceVersion "1"]
[SourceVersionDate "2014.11.20"]
[SourceQuality "1"]

1. e4 c5 2. Nf3 d6 3. d4 cxd4 4. Nxd4 Nf6 5. Nc3 e6 6. Bb5+ Bd7 7. Bxd7+ Qxd7 8. Bg5 a6 9. 0-0 Be7 10. b3 Nc6 11. Na4 Qc7 12. Nxc6 Qxc6 13. f3 b5 14. Nb2 Qc5+ 15. Kh1 Qxg5 16. f4 Qc5 17. Nd3 Qc6 18. Qf3 Qxe4 19. Qh3 Qg6 20. Qf3 0-0 21. Rac1 d5 22. f5 Qxf5 23. Qg3 Qg4 24. Qe5 Qe4 25. Qg3 Qd4 26. Rf4 Ne4 27. Qf3 Bg5 28. c3 Qa7 29. Rf1 Bxf4 30. Qxf4 Qe7 31. h4 Qd6 32. Qxd6 Nxd6 33. g4 Rac8 34. Nb4 a5 35. Nd3 Rxc3 36. Ne5 Rh3+ 37. Kg2 Rxh4 38. Kg3 Rh6 39. g5 Ne4+ 40. Kg4 Rh2 41. Nd7 Rc8 42. Ne5 Rg2+ 43. Kh3 Rg3+ 44. Kh4 Rc2 45. Ng4 Rcg2 46. Rc1 Rxg4+ 47. Kh3 Nxg5# 0-1

[Event "Reunion op 16th"]
[Site "St Denis"]
[Date "2014.10.24"]
[Round "8"]
[White "Vitry, Patrick"]
[Black "Fontaine, Cedric"]
[Result "0-1"]
[WhiteElo "1733"]
[BlackElo "1642"]
[PlyCount "62"]
[EventDate "2014.10.18"]
[EventType "swiss"]
[EventRounds "9"]
[EventCountry "RUF"]
[SourceTitle "EXT 2015"]
[Source "ChessBase"]
[SourceDate "2014.11.20"]
[SourceVersion "1"]
[SourceVersionDate "2014.11.20"]
[SourceQuality "1"]

1. e4 c5 2. Nf3 e6 3. Nc3 a6 4. d4 cxd4 5. Nxd4 Qc7 6. Be3 Nf6 7. a3 Nc6 8. Be2 b5 9. Nxc6 dxc6 10. 0-0 Bb7 11. f4 c5 12. e5 Nd5 13. Nxd5 Bxd5 14. Qe1 Be7 15. Qg3 g6 16. Bf3 Rd8 17. Rad1 Qc6 18. Bxd5 Rxd5 19. Qf3 0-0 20. f5 gxf5 21. Bh6 Kh8 22. Bxf8 Bxf8 23. Rxd5 Qxd5 24. Qxd5 exd5 25. Rxf5 Kg7 26. Rf6 a5 27. Ra6 a4 28. Rb6 b4 29. axb4 cxb4 30. Rxb4 Bxb4 31. Kf2 Bc3 0-1

[Event "Reunion op 16th"]
[Site "St Denis"]
[Date "2014.10.23"]
[Round "6"]
[White "Cochard, Franck Olivier"]
[Black "Vitry, Patrick"]
[Result "0-1"]
[WhiteElo "1655"]
[BlackElo "1733"]
[PlyCount "146"]
[EventDate "2014.10.18"]
[EventType "swiss"]
[EventRounds "9"]
[EventCountry "RUF"]
[SourceTitle "EXT 2015"]
[Source "ChessBase"]
[SourceDate "2014.11.20"]
[SourceVersion "1"]
[SourceVersionDate "2014.11.20"]
[SourceQuality "1"]

1. Nf3 d6 2. d4 g6 3. Bg5 Bg7 4. e4 Nf6 5. Nbd2 0-0 6. Bd3 Nbd7 7. 0-0 c5 8. c3 Re8 9. a4 Qc7 10. Nc4 d5 11. exd5 Nxd5 12. dxc5 N7f6 13. Ne3 Qxc5 14. Qb3 Qb6 15. Bc4 Qxb3 16. Bxb3 Nxe3 17. Bxe3 Bf5 18. Bd4 Be4 19. Ng5 Bd5 20. c4 Bc6 21. Rfd1 h6 22. Nf3 Bxf3 23. gxf3 Red8 24. Bc3 Nd7 25. Bxg7 Kxg7 26. Rd5 Nb6 27. Rxd8 Rxd8 28. a5 Nc8 29. Rd1 Rxd1+ 30. Bxd1 b6 31. axb6 axb6 32. Kf1 Nd6 33. b3 Kf6 34. Ke2 Ke5 35. Kd3 Nf5 36. Bc2 Nh4 37. Ke3 Ng2+ 38. Kd2 Kd4 39. Be4 f5 40. Bd5 Nf4 41. Bf7 g5 42. Be8 Nd3 43. Bg6 e6 44. Bf7 Nf4 45. Bg8 Kc5 46. Kc3 e5 47. b4+ Kd6 48. Bh7 Ne2+ 49. Kd3 Nd4 50. h3 f4 51. Be4 Ne6 52. Bd5 Nd4 53. Ke4 Nc2 54. b5 Nd4 55. Ba8 Ke6 56. Bd5+ Kf6 57. Kd3 Nb3 58. Kc3 Nc5 59. Be4 h5 60. Bd5 Kf5 61. Be4+ Nxe4+ 62. fxe4+ Ke6 63. f3 Kd6 64. Kd3 Kc5 65. Kc3 Kd6 66. Kd3 Kc5 67. Kc3 h4 68. Kb3 g4 69. hxg4 h3 70. g5 h2 71. g6 h1Q 72. g7 Qxf3+ 73. Kb2 Qg2+ 0-1

[Event "Reunion op 16th"]
[Site "St Denis"]
[Date "2014.10.18"]
[Round "2"]
[White "Rodier, David"]
[Black "Vitry, Patrick"]
[Result "1-0"]
[WhiteElo "2136"]
[BlackElo "1733"]
[PlyCount "35"]
[EventDate "2014.10.18"]
[EventType "swiss"]
[EventRounds "9"]
[EventCountry "RUF"]
[SourceTitle "EXT 2015"]
[Source "ChessBase"]
[SourceDate "2014.11.20"]
[SourceVersion "1"]
[SourceVersionDate "2014.11.20"]
[SourceQuality "1"]

1. d4 f5 2. g4 e6 3. g5 Nc6 4. Nf3 d6 5. d5 Ne5 6. Nc3 Nxf3+ 7. exf3 a6 8. Be3 Ne7 9. Bc4 exd5 10. Nxd5 Nc6 11. Qe2 Be7 12. 0-0-0 Ne5 13. Bb3 Bd7 14. f4 Ng6 15. Qc4 Qc8 16. Nxc7+ Kd8 17. Bb6 Bc6 18. Nxa8+ 1-0

[Event "Reunion op 15th"]
[Site "St Denis"]
[Date "2013.10.14"]
[Round "4"]
[White "Ringayen, Francinel"]
[Black "Vitry, Patrick"]
[Result "0-1"]
[WhiteElo "1418"]
[BlackElo "1765"]
[PlyCount "150"]
[EventDate "2013.10.12"]
[EventType "swiss"]
[EventRounds "9"]
[EventCountry "RUF"]
[SourceTitle "EXT 2014"]
[Source "ChessBase"]
[SourceDate "2013.11.20"]
[SourceVersion "1"]
[SourceVersionDate "2013.11.20"]
[SourceQuality "1"]

1. e4 e5 2. Nf3 Nf6 3. Nc3 d6 4. Bb5+ c6 5. Bc4 Be7 6. 0-0 b5 7. Bb3 b4 8. Na4 Nxe4 9. d3 Nf6 10. h3 0-0 11. Re1 Bf5 12. Nh4 Qd7 13. Qf3 Bg6 14. Nxg6 hxg6 15. Bg5 Qf5 16. Qxf5 gxf5 17. Bxf6 Bxf6 18. c3 bxc3 19. Nxc3 Nd7 20. Ne2 Nc5 21. Bc2 Rab8 22. b3 Rfc8 23. Ng3 e4 24. Rad1 exd3 25. Bxd3 g6 26. Bc2 d5 27. Rb1 a5 28. a3 Ne4 29. Nxe4 fxe4 30. b4 axb4 31. Rxb4 Rxb4 32. axb4 Bc3 33. Rb1 Rb8 34. Ba4 Rb6 35. b5 c5 36. Kf1 d4 37. Ke2 Kg7 38. Bc2 d3+ 39. Bxd3 exd3+ 40. Kxd3 Bb4 41. Kc4 Rf6 42. f3 Kf8 43. Kd3 Ke7 44. Rb2 Kd7 45. Ke2 Rb6 46. Ra2 Rxb5 47. Ra7+ Ke6 48. Ra6+ Ke7 49. Ra7+ Kf6 50. Ra6+ Kg7 51. Kd3 Rb7 52. Kc4 Rd7 53. g4 Rd4+ 54. Kb5 Rf4 55. h4 Rxf3 56. h5 gxh5 57. gxh5 Rh3 58. h6+ Rxh6 59. Ra1 f5 60. Rg1+ Kf6 61. Rd1 Ke5 62. Rd8 f4 63. Re8+ Kf5 64. Rf8+ Rf6 65. Rh8 f3 66. Rh1 Ke4 67. Rh4+ Ke3 68. Rh3 Ke2 69. Rxf3 Rxf3 70. Kc4 Kd2 71. Kb5 Kd3 72. Ka4 c4 73. Kxb4 Kd4 74. Ka4 Kc5 75. Ka5 Ra3# 0-1

[Event "Reunion op 14th"]
[Site "St Denis"]
[Date "2012.10.13"]
[Round "9"]
[White "Boos, Olivier"]
[Black "Vitry, Patrick"]
[Result "1-0"]
[WhiteElo "2014"]
[BlackElo "1750"]
[PlyCount "69"]
[EventDate "2012.10.06"]
[EventType "swiss"]
[EventRounds "9"]
[EventCountry "RUF"]
[SourceTitle "EXT 2013"]
[Source "ChessBase"]
[SourceDate "2012.11.22"]
[SourceVersion "1"]
[SourceVersionDate "2012.11.22"]
[SourceQuality "1"]

1. Nf3 d5 2. g3 Nf6 3. Bg2 e6 4. 0-0 Bd6 5. d4 Nbd7 6. Re1 0-0 7. a4 a5 8. c4 c6 9. b3 Re8 10. Ba3 Bxa3 11. Nxa3 e5 12. cxd5 Nxd5 13. dxe5 Nxe5 14. Nxe5 Rxe5 15. e4 Be6 16. exd5 Rxe1+ 17. Qxe1 Bxd5 18. Bxd5 Qxd5 19. Nc4 Rd8 20. Qxa5 Qd4 21. Re1 Qf6 22. Qe5 Qxe5 23. Rxe5 f6 24. Re7 b5 25. axb5 cxb5 26. Na3 Rd3 27. Re3 Rd5 28. Kf1 Kf7 29. Ke2 h5 30. Nb1 Rd4 31. Rd3 Re4+ 32. Kd2 Re5 33. Kc3 g5 34. Kd2 Kg6 35. Nc3 1-0

[Event "Reunion op 14th"]
[Site "St Denis"]
[Date "2012.10.11"]
[Round "6"]
[White "Dalleau, Philippe"]
[Black "Vitry, Patrick"]
[Result "0-1"]
[WhiteElo "1846"]
[BlackElo "1750"]
[PlyCount "70"]
[EventDate "2012.10.06"]
[EventType "swiss"]
[EventRounds "9"]
[EventCountry "RUF"]
[SourceTitle "EXT 2013"]
[Source "ChessBase"]
[SourceDate "2012.11.22"]
[SourceVersion "1"]
[SourceVersionDate "2012.11.22"]
[SourceQuality "1"]

1. e4 e5 2. Nf3 Nf6 3. Nc3 d6 4. d4 exd4 5. Nxd4 Bd7 6. Be2 Nc6 7. 0-0 g6 8. Bg5 h6 9. Bxf6 Qxf6 10. Nd5 Qxd4 11. Nxc7+ Kd8 12. Nxa8 Kc8 13. Qb1 Kb8 14. c3 Qc5 15. b4 Qxc3 16. b5 Nd4 17. Qd1 Nxe2+ 18. Qxe2 Kxa8 19. Rac1 Qa5 20. Qc4 Qd8 21. b6 Bc6 22. bxa7 d5 23. exd5 Qxd5 24. Qxd5 Bxd5 25. Rc8+ Kxa7 26. Rd1 Be6 27. Rcd8 Bg7 28. R8d3 Rc8 29. h3 h5 30. R1d2 Rc1+ 31. Kh2 Ra1 32. g3 Bf6 33. h4 Be7 34. Re3 Bc5 35. Re5 b6 0-1

[Event "Reunion op 14th"]
[Site "St Denis"]
[Date "2012.10.11"]
[Round "7"]
[White "Vitry, Patrick"]
[Black "Koch, Alain1111"]
[Result "1-0"]
[WhiteElo "1750"]
[BlackElo "1951"]
[PlyCount "93"]
[EventDate "2012.10.06"]
[EventType "swiss"]
[EventRounds "9"]
[EventCountry "RUF"]
[SourceTitle "EXT 2013"]
[Source "ChessBase"]
[SourceDate "2012.11.22"]
[SourceVersion "1"]
[SourceVersionDate "2012.11.22"]
[SourceQuality "1"]

1. e4 e5 2. Nf3 Nc6 3. d4 exd4 4. Nxd4 d6 5. Be2 g6 6. Be3 Bg7 7. 0-0 Nge7 8. f4 Nxd4 9. Bxd4 Bxd4+ 10. Qxd4 0-0 11. Nc3 Nc6 12. Qf2 f5 13. Bc4+ Kg7 14. Bd5 a6 15. Bxc6 bxc6 16. Qd4+ Qf6 17. e5 dxe5 18. fxe5 Qe6 19. Rae1 Re8 20. Rf3 Bb7 21. Rfe3 c5 22. Qxc5 Qc6 23. Qxc6 Bxc6 24. Kf2 Rab8 25. b3 g5 26. g3 Re6 27. Ke2 Rd8 28. Kf2 g4 29. Rd3 Rde8 30. Nd5 Rxe5 31. Rxe5 Rxe5 32. Nxc7 a5 33. c3 Bf3 34. Re3 Kf6 35. Rxe5 Kxe5 36. Ke3 Be4 37. Nb5 h5 38. Nd4 h4 39. Ne2 hxg3 40. hxg3 a4 41. c4 Bc2 42. b4 a3 43. Nc3 f4+ 44. gxf4+ Kf5 45. b5 g3 46. b6 g2 47. Kf2 1-0

[Event "Reunion op 14th"]
[Site "St Denis"]
[Date "2012.10.07"]
[Round "3"]
[White "Vitry, Patrick"]
[Black "Noel, Philippe"]
[Result "1-0"]
[WhiteElo "1750"]
[BlackElo "1380"]
[PlyCount "81"]
[EventDate "2012.10.06"]
[EventType "swiss"]
[EventRounds "9"]
[EventCountry "RUF"]
[SourceTitle "EXT 2013"]
[Source "ChessBase"]
[SourceDate "2012.11.22"]
[SourceVersion "1"]
[SourceVersionDate "2012.11.22"]
[SourceQuality "1"]

1. e4 e5 2. Nf3 Nc6 3. d4 Bd6 4. d5 Nce7 5. Bd3 Nf6 6. h3 b6 7. Be3 Bb7 8. 0-0 0-0 9. a3 a5 10. Nc3 c6 11. dxc6 dxc6 12. Qe2 Qd7 13. Rfd1 Ng6 14. Bc4 h6 15. Rd2 Rfd8 16. Bxb6 Rdc8 17. Bc5 Ne8 18. Rad1 Nf4 19. Qf1 Qe7 20. Bxd6 Nxd6 21. Rxd6 Rd8 22. Rxd8+ Rxd8 23. Rxd8+ Qxd8 24. Nxe5 Qg5 25. Kh2 Qxe5 26. g3 Ng6 27. Qe2 Nh4 28. f4 Qf6 29. e5 Qf5 30. Bd3 Qe6 31. gxh4 c5 32. Be4 Bc8 33. Qf3 Qd7 34. Nd5 Ba6 35. Kg3 Bc8 36. Qg4 Qb7 37. Qxc8+ Qxc8 38. Ne7+ Kf8 39. Nxc8 Ke8 40. Nd6+ Ke7 41. Nb7 1-0

[Event "Reunion op 13th"]
[Site "St Denis"]
[Date "2011.10.08"]
[Round "9"]
[White "Vitry, Patrick"]
[Black "Lebon, Yohan"]
[Result "1-0"]
[WhiteElo "1705"]
[BlackElo "1858"]
[PlyCount "85"]
[EventDate "2011.10.01"]
[EventType "swiss"]
[EventRounds "9"]
[EventCountry "RUF"]
[SourceTitle "EXT 2012"]
[Source "ChessBase"]
[SourceDate "2011.11.24"]
[SourceVersion "1"]
[SourceVersionDate "2011.11.24"]
[SourceQuality "1"]

1. e4 c5 2. Nf3 Nc6 3. c3 d5 4. exd5 Qxd5 5. d4 Bg4 6. Be2 e6 7. 0-0 Nf6 8. Qa4 cxd4 9. Rd1 Bc5 10. cxd4 Be7 11. Nc3 Qd7 12. d5 exd5 13. Bf4 0-0 14. Rd2 Rad8 15. Rad1 Bb4 16. Ne5 Nxe5 17. Qxb4 Bxe2 18. Nxe2 Nc6 19. Qb3 h6 20. Nd4 Rfe8 21. f3 Nh5 22. Bg3 Na5 23. Qd3 Nc4 24. Re2 Nxg3 25. hxg3 Rxe2 26. Qxe2 Qe8 27. Qxe8+ Rxe8 28. b3 Nb6 29. Nb5 a6 30. Nd6 Re7 31. Nf5 Re2 32. a4 a5 33. Nd4 Re8 34. Kf2 Kf8 35. g4 Ke7 36. Nf5+ Kf6 37. Nd6 Re7 38. Nf5 Rc7 39. Rd3 Rc2+ 40. Kg3 Rc5 41. Nd6 d4 42. Ne4+ Ke5 43. Nxc5 1-0

[Event "Reunion op 13th"]
[Site "St Denis"]
[Date "2011.10.05"]
[Round "5"]
[White "Vitry, Patrick"]
[Black "Andriandaza, Tombo Omar"]
[Result "1-0"]
[WhiteElo "1705"]
[BlackElo "1499"]
[PlyCount "105"]
[EventDate "2011.10.01"]
[EventType "swiss"]
[EventRounds "9"]
[EventCountry "RUF"]
[SourceTitle "EXT 2012"]
[Source "ChessBase"]
[SourceDate "2011.11.24"]
[SourceVersion "1"]
[SourceVersionDate "2011.11.24"]
[SourceQuality "1"]

1. e4 f5 2. e5 d5 3. d4 e6 4. Nf3 h6 5. Bd3 g5 6. h3 Nc6 7. c3 Qe7 8. b4 b6 9. a4 Qg7 10. Nh2 h5 11. Qf3 Nge7 12. Nd2 Ng6 13. g3 g4 14. hxg4 hxg4 15. Qg2 Ngxe5 16. Bb5 Bd7 17. 0-0 Nf7 18. Re1 Qg6 19. Ndf1 a6 20. Bd3 Be7 21. Bf4 Bd6 22. Bxd6 Nxd6 23. Qxd5 Kf7 24. Qg2 Ne7 25. c4 Bc6 26. d5 exd5 27. cxd5 Nxd5 28. Rac1 Bb7 29. Bc4 Nxc4 30. Rxc4 Rae8 31. Rxe8 Rxe8 32. Ne3 Nxe3 33. Rxc7+ Kf8 34. Qxb7 f4 35. fxe3 fxe3 36. Rc1 e2 37. Re1 Qd6 38. Qg2 Qe6 39. Qf2+ Kg7 40. Qf4 Qe3+ 41. Qxe3 Rxe3 42. Kf2 Re4 43. b5 a5 44. Rxe2 Rxa4 45. Re6 Rb4 46. Rxb6 Rb2+ 47. Kg1 Rb3 48. Nf1 a4 49. Ra6 a3 50. b6 Kf6 51. b7+ Kf5 52. Rxa3 Rxa3 53. b8Q 1-0

[Event "Reunion op 13th"]
[Site "St Denis"]
[Date "2011.10.02"]
[Round "3"]
[White "Vitry, Patrick"]
[Black "Chan Faye, Yoann"]
[Result "1-0"]
[WhiteElo "1705"]
[BlackElo "1460"]
[PlyCount "113"]
[EventDate "2011.10.01"]
[EventType "swiss"]
[EventRounds "9"]
[EventCountry "RUF"]
[SourceTitle "EXT 2012"]
[Source "ChessBase"]
[SourceDate "2011.11.24"]
[SourceVersion "1"]
[SourceVersionDate "2011.11.24"]
[SourceQuality "1"]

1. Nf3 d5 2. c4 Nf6 3. cxd5 Nxd5 4. Nc3 Nc6 5. d4 Bg4 6. e3 e6 7. a3 a6 8. Be2 b5 9. e4 Nb6 10. Be3 Na5 11. Ne5 Bxe2 12. Qxe2 Nbc4 13. Nxc4 Nxc4 14. 0-0 Bd6 15. e5 Be7 16. Rfd1 c6 17. b3 Nb6 18. Qg4 Rg8 19. Qe4 Nd5 20. Qxh7 Kf8 21. Ne4 Rc8 22. Rdc1 Nxe3 23. fxe3 Bg5 24. Qh3 Bh6 25. Nd6 Rc7 26. Qf3 Qd7 27. Ra2 Qe7 28. Rxc6 Rxc6 29. Qxc6 Bxe3+ 30. Kf1 g6 31. Qe4 Qg5 32. Re2 Qf4+ 33. Qxf4 Bxf4 34. Rf2 g5 35. g3 Rh8 36. gxf4 gxf4 37. Kg2 Rh4 38. Rf3 Kg7 39. b4 f6 40. Ne4 Kg6 41. Nxf6 Kf5 42. Rh3 Rxh3 43. Kxh3 Kg5 44. Kg2 Kh4 45. Kf3 Kg5 46. h4+ Kxh4 47. Kxf4 Kh3 48. d5 exd5 49. Nxd5 Kg2 50. e6 Kf2 51. e7 Ke2 52. e8Q+ Kd2 53. Qe3+ Kc2 54. Qc3+ Kb1 55. Qd2 Ka1 56. Nc3 a5 57. Qa2# 1-0

[Event "Reunion op 12th"]
[Site "St Denis"]
[Date "2010.10.13"]
[Round "5"]
[White "Vitry, Patrick"]
[Black "Lebon, Yohan"]
[Result "0-1"]
[WhiteElo "1647"]
[BlackElo "1819"]
[PlyCount "73"]
[EventDate "2010.10.09"]
[EventType "swiss"]
[EventRounds "9"]
[EventCountry "RUF"]
[SourceTitle "CBM 138 Extra"]
[Source "ChessBase"]
[SourceDate "2010.10.29"]
[SourceVersion "1"]
[SourceVersionDate "2010.10.29"]
[SourceQuality "1"]

1. f4 d5 2. Nf3 Nf6 3. e3 e6 4. Be2 Bd6 5. d3 Nbd7 6. 0-0 e5 7. fxe5 Nxe5 8. Nc3 Be6 9. Nxe5 Bxe5 10. d4 Bd6 11. Bf3 Qe7 12. Nb5 c6 13. Nxd6+ Qxd6 14. Qd3 0-0-0 15. a4 g5 16. b3 g4 17. Be2 Ne4 18. Ba3 Qd7 19. c4 g3 20. hxg3 Nxg3 21. Rf4 Nxe2+ 22. Qxe2 Rhg8 23. Raf1 Rg6 24. Rf6 Rg5 25. R1f2 Rdg8 26. cxd5 Qxd5 27. e4 Qxd4 28. Kf1 Qa1+ 29. Qe1 Qxa3 30. Qd1 Qxb3 31. Qxb3 Bxb3 32. Rd6 Be6 33. Rfd2 Rxg2 34. Rxg2 Bh3 35. Rdd2 Rxg2 36. Rxg2 Bxg2+ 37. Kxg2 0-1

[Event "Reunion op 12th"]
[Site "St Denis"]
[Date "2010.10.09"]
[Round "1"]
[White "Vitry, Patrick"]
[Black "Chan Faye, Yoann"]
[Result "1-0"]
[WhiteElo "1647"]
[BlackElo "1220"]
[PlyCount "85"]
[EventDate "2010.10.09"]
[EventType "swiss"]
[EventRounds "9"]
[EventCountry "RUF"]
[SourceTitle "CBM 138 Extra"]
[Source "ChessBase"]
[SourceDate "2010.10.29"]
[SourceVersion "1"]
[SourceVersionDate "2010.10.29"]
[SourceQuality "1"]

1. e4 e5 2. Nf3 Nc6 3. Bb5 Nge7 4. c3 d5 5. Nxe5 Bd7 6. Nxd7 Qxd7 7. e5 a6 8. Ba4 b5 9. Bb3 Ng6 10. d4 Be7 11. Be3 Na5 12. Bc2 f5 13. Qf3 0-0 14. Bf4 Nh4 15. Qg3 Ng6 16. Nd2 c5 17. Nb3 Nxb3 18. Bxb3 c4 19. Bc2 b4 20. 0-0 Nxf4 21. Qxf4 Kh8 22. Rfe1 Qe6 23. Re3 h6 24. Rh3 Qf7 25. Qf3 f4 26. Re1 Qe6 27. b3 Rfe8 28. Qh5 Bd6 29. bxc4 dxc4 30. Rb1 Rad8 31. cxb4 Rb8 32. a3 Re7 33. Rf3 Ree8 34. Rxf4 Rb7 35. g3 Bb8 36. Qf5 g6 37. Qxg6 Qd5 38. Qxe8+ Qg8 39. Rf8 Rg7 40. Rxg8+ Rxg8 41. Qe7 Rg7 42. Qf8+ Rg8 43. Qxh6# 1-0

[Event "Reunion op 11th"]
[Site "St Denis"]
[Date "2009.10.12"]
[Round "4"]
[White "Vitry, Patrick"]
[Black "Nassau, Jean Bertrand"]
[Result "1/2-1/2"]
[WhiteElo "1657"]
[BlackElo "1330"]
[PlyCount "91"]
[EventDate "2009.10.10"]
[EventType "swiss"]
[EventRounds "9"]
[EventCountry "RUF"]
[SourceTitle "CBM 132 Extra"]
[Source "ChessBase"]
[SourceDate "2009.11.03"]
[SourceVersion "1"]
[SourceVersionDate "2009.11.03"]
[SourceQuality "1"]

1. e4 e6 2. d4 d5 3. e5 c5 4. c3 Bd7 5. Nf3 Qb6 6. Na3 cxd4 7. cxd4 Bxa3 8. bxa3 a6 9. Be2 Bb5 10. Rb1 Qa5+ 11. Qd2 Qxd2+ 12. Bxd2 Bxe2 13. Kxe2 b5 14. Rhc1 Ne7 15. Rc7 Nec6 16. Rc8+ Nd8 17. Rbc1 0-0 18. Bb4 Re8 19. Be7 Nbc6 20. Rxa8 Nxe7 21. Rxa6 Nec6 22. Raxc6 Nxc6 23. Rxc6 h6 24. Rc3 Kf8 25. Rb3 Ra8 26. Rxb5 Rxa3 27. Rb2 Ke8 28. Nd2 f6 29. f4 Kf7 30. Nb3 Kg6 31. Kf3 h5 32. g4 f5 33. g5 h4 34. h3 Ra6 35. Rc2 Kh7 36. Ke3 Kg6 37. Kd2 Kf7 38. Kc3 Kg6 39. Kb4 Kh5 40. a4 Rxa4+ 41. Kc5 Ra5+ 42. Kd6 Ra6+ 43. Kd7 g6 44. Rc8 Ra7+ 45. Kxe6 Ra8 46. Rxa8 1/2-1/2

[Event "Reunion op 09th"]
[Site "Reunion"]
[Date "2007.10.21"]
[Round "9"]
[White "Vitry, Patrick"]
[Black "Rei Rosa, Jean Jacques"]
[Result "0-1"]
[WhiteElo "1450"]
[BlackElo "1803"]
[PlyCount "67"]
[EventDate "2007.10.14"]
[EventType "swiss"]
[EventRounds "9"]
[EventCountry "RUF"]
[SourceTitle "EXT 2012"]
[Source "ChessBase"]
[SourceDate "2011.11.24"]
[SourceVersion "1"]
[SourceVersionDate "2011.11.24"]
[SourceQuality "1"]

1. e4 e6 2. f4 Nh6 3. Nf3 d5 4. e5 c5 5. d4 Qb6 6. c3 Bd7 7. a4 Nc6 8. dxc5 Bxc5 9. b4 Bf2+ 10. Ke2 a5 11. b5 0-0 12. Qd3 Nf5 13. g4 Nh4 14. Nxh4 Bxh4 15. Be3 d4 16. bxc6 Bxc6 17. Bxd4 Qb2+ 18. Nd2 Qxa1 19. Bg2 Qxa4 20. Bxc6 Qxc6 21. Rg1 Be7 22. g5 Bc5 23. h4 Bxd4 24. cxd4 Qa6 25. Nc4 b5 26. Na3 b4 27. Nc4 Rac8 28. Nxa5 Qxa5 29. Rb1 Qa2+ 30. Ke1 Rc3 31. Qd1 Rfc8 32. Ra1 Qxa1 33. Qxa1 Rc1+ 34. Qxc1 0-1

[Event "Reunion op 09th"]
[Site "Reunion"]
[Date "2007.10.19"]
[Round "7"]
[White "Vitry, Patrick"]
[Black "Rivolo, Jean Guillaume"]
[Result "1-0"]
[WhiteElo "1450"]
[BlackElo "1270"]
[PlyCount "69"]
[EventDate "2007.10.14"]
[EventType "swiss"]
[EventRounds "9"]
[EventCountry "RUF"]
[SourceTitle "EXT 2012"]
[Source "ChessBase"]
[SourceDate "2011.11.24"]
[SourceVersion "1"]
[SourceVersionDate "2011.11.24"]
[SourceQuality "1"]

1. e4 e6 2. d4 d5 3. Nc3 b6 4. Be3 c5 5. e5 cxd4 6. Bxd4 Bc5 7. Nb5 a6 8. Nd6+ Bxd6 9. exd6 Qxd6 10. Bxg7 Bb7 11. Nf3 Nd7 12. Bxh8 f6 13. Qd4 e5 14. Qg4 0-0-0 15. 0-0-0 Nh6 16. Qh3 d4 17. Qxh6 Rxh8 18. Qh3 Kb8 19. Nh4 Rc8 20. Kb1 Qc5 21. Rd2 e4 22. Qxd7 d3 23. Bxd3 exd3 24. Qxd3 f5 25. Qd8 Qc7 26. Qxc7+ Rxc7 27. f3 f4 28. Re1 h5 29. Re8+ Rc8 30. Rxc8+ Bxc8 31. Ng6 Kb7 32. Nxf4 h4 33. h3 a5 34. Ng6 Ka6 35. f4 1-0